000 01006cam a2200265 i 4500
999 _c11329
_d11329
003 OSt
005 20250908131900.0
006 m |o d |
008 180811s2019 nyu ob 000 0 eng
020 _z9780415735568 (hardback)
040 _aDLC
_beng
_erda
_cDLC
_dDLC
042 _apcc
082 0 0 _a307.1/216072
_223
100 1 _aMacCallum, Diana,
_eauthor.
245 1 0 _aDoing research in urban and regional planning :
_bmethods and methodology for beginners /
_cDiana MacCallum, Courtney Babb and Carey Curtis.
300 _a1 online resource.
504 _aIncludes bibliographical references and index.
650 0 _aCity planning
_xResearch.
650 0 _aRegional planning
_xResearch.
700 1 _aBabb, Courtney,
_eauthor.
700 1 _aCurtis, Carey,
_eauthor.
776 0 8 _iPrint version:
_aMacCallum, Diana, author.
_tDoing research in urban and regional planning
_dNew York : Routledge, 2019
_z9780415735568
_w(DLC) 2018036547
942 _2ddc